| 000 | 00438 a2200133 4500 | ||
|---|---|---|---|
| 040 | _a0 | ||
| 082 | _aPGDIT-2 | ||
| 100 | _aMuhammad Asim. | ||
| 245 |
_aTransport maintenance and management system _cMuhammad Asim. |
||
| 260 |
_aIslamabad : _bNUST School of Electrical Engineering & Computer Science, _c2003. |
||
| 300 |
_av, 48 p. : _bill. ; _c27 cm. + _eCD-ROM. |
||
| 500 | _aSupervisor : Dr. Adaidullah Anwar | ||
| 942 |
_cPR _kPGDIT-2 ASI _2ddc |
||
| 999 |
_c9173 _d9173 |
||